00463nam a2200085Ia 4500008004100000245002100041300025300062650000900315856005300324170517s9999 xx 000 0 und d aAnimal Imitators aAs we hurtle towards a high-tech future where everything seems possible, a growing number of people are choosing to correct what they're convinced was nature's big mistake. They're asking, "Why be human when you know you're not." They're pushing... xArt. uhttp://topdocumentaryfilms.com/animal-imitators/